000 00568nam a2200193Ia 4500
008 151121s9999||||xx |||||||||||||| ||und||
082 _a630 / राऊळ
082 _bHNW-76279
100 _aराऊळ वि।ग।
245 _aकलमीबोर
260 _b"साके त प्रकाशन, औरंगाबाद।"
260 _c--
300 _a209
600 _aराऊळ वि।ग।
630 _aकलमीबोर
700 _aराऊळ वि।ग।
730 _aकलमीबोर
942 _cBOOK
999 _c1257706
_d1257703